<?xml version="1.0" encoding="UTF-8"?><OAI-PMH xmlns="http://www.openarchives.org/OAI/2.0/" xmlns:xsi="http://www.w3.org/2001/XMLSchema-instance"     xsi:schemaLocation="http://www.openarchives.org/OAI/2.0/ http://www.openarchives.org/OAI/2.0/OAI-PMH.xsd"><responseDate>2026-05-16T08:00:51Z</responseDate><request verb="GetRecord" identifier="oai:regmurcia.com:fintegr.790" metadataPrefix="marc21">http://oai.regmurcia.com/oai2/oai2.php</request><GetRecord><record><header><identifier>oai:regmurcia.com:fintegr.790</identifier><datestamp>2026-05-16</datestamp><setSpec>documentos</setSpec></header><metadata><record  xmlns="http://www.loc.gov/MARC21/slim" xmlns:xsi="http://www.w3.org/2001/XMLSchema-instance" xsi:schemaLocation="http://www.loc.gov/MARC21/slim http://www.loc.gov/standards/marcxml/schema/MARC21slim.xsd" type="Bibliographic"><leader>00000nam a2200000   4500</leader><controlfield tag="001" >005073292</controlfield><controlfield tag="003" >790</controlfield><controlfield tag="004" >A00000000</controlfield><datafield tag="245" ind1=" " ind2=" "><subfield code="a">Minuta de una carta del concejo de Murcia a Abdalá Anbran, alcaide y caudillo del castillo de Vélez, en respuesta a su carta sobre el requirimiento de ciertos moros.</subfield></datafield><datafield tag="300" ind1=" " ind2=" "><subfield code="c">217 x 150 mm</subfield></datafield><datafield tag="300" ind1=" " ind2=" "><subfield code="a">2 fol.</subfield></datafield><datafield tag="351" ind1=" " ind2=" "><subfield code="a">Unidad Documental simple</subfield><subfield code="c">Archivo de Murcia. Array</subfield><subfield code="a">Unidad Documental simple</subfield><subfield code="c">Archivo de Murcia. Array</subfield></datafield><datafield tag="351" ind1=" " ind2=" "><subfield code="b">Nº 67</subfield></datafield><datafield tag="506" ind1=" " ind2=" "><subfield code="a">Acceso restringido</subfield></datafield><datafield tag="520" ind1=" " ind2=" "><subfield code="a">El concejo de Murcia responde a Abdalá Anbran, alcaide y caudillo del castillo de Vélez, sobre el requerimiento que éste hizo para que le enviasen ciertos moros. Respecto a unos mudéjares que le vendió María de Quesada y fueron tomados por el alcaide de Xiquena, el concejo dice no poder hacer nada, puesto que doña María no se responsabiliza de lo que hizo el alcaide de Xiquena. Y sobre el caso de una mora que está en poder de Martín Ruiz, el concejo dice no poder enviarla tampoco a Vélez, pues es vasalla de Castilla, pero permite a sus padres asentarse si quieren en el Reino de Murcia.</subfield></datafield><datafield tag="583" ind1=" " ind2=" "><subfield code="u">http://www.regmurcia.com/servlet/s.Sl?METHOD=VERDOCUMENTO&amp;sit=serv,Carmesi&amp;n=/01/1249/indice.djvu</subfield></datafield><datafield tag="592" ind1=" " ind2=" "><subfield code="a">1453-10-12</subfield></datafield><datafield tag="592" ind1=" " ind2=" "><subfield code="d">1453-10-12 00:00:00</subfield></datafield><datafield tag="651" ind1=" " ind2=" "><subfield code="a">Murcia</subfield></datafield><datafield tag="786" ind1=" " ind2=" "><subfield code="o">http://www.regmurcia.com/servlet/s.Sl?METHOD=VERDOCUMENTO&amp;sit=serv,Carmesi&amp;n=/01/1249/indice.djvu</subfield></datafield><datafield tag="856" ind1=" " ind2=" "><subfield code="u">http://www.regmurcia.com/servlet/s.Sl?METHOD=DETALLE&amp;sit=c,373,m,139,serv,Carmesi&amp;id=790</subfield></datafield></record></metadata></record></GetRecord></OAI-PMH>
